<?xml version='1.0' encoding='UTF-8'?><?xml-stylesheet href='static/style.xsl' type='text/xsl'?><OAI-PMH xmlns="http://www.openarchives.org/OAI/2.0/" xmlns:xsi="http://www.w3.org/2001/XMLSchema-instance" xsi:schemaLocation="http://www.openarchives.org/OAI/2.0/ http://www.openarchives.org/OAI/2.0/OAI-PMH.xsd"><responseDate>2026-05-01T20:52:23Z</responseDate><request verb="GetRecord" identifier="oai:ebiltegia.mondragon.edu:20.500.11984/3338" metadataPrefix="marc">https://ebiltegia.mondragon.edu/oai/request</request><GetRecord><record><header><identifier>oai:ebiltegia.mondragon.edu:20.500.11984/3338</identifier><datestamp>2024-01-04T21:56:46Z</datestamp><setSpec>com_20.500.11984_1736</setSpec><setSpec>com_20.500.11984_1627</setSpec><setSpec>col_20.500.11984_1972</setSpec></header><metadata><record xmlns="http://www.loc.gov/MARC21/slim" xmlns:dcterms="http://purl.org/dc/terms/" xmlns:xsi="http://www.w3.org/2001/XMLSchema-instance" xmlns:doc="http://www.lyncode.com/xoai" xsi:schemaLocation="http://www.loc.gov/MARC21/slim http://www.loc.gov/standards/marcxml/schema/MARC21slim.xsd">
   <leader>00925njm 22002777a 4500</leader>
   <datafield ind2=" " ind1=" " tag="042">
      <subfield code="a">dc</subfield>
   </datafield>
   <datafield ind2=" " ind1=" " tag="720">
      <subfield code="a">Mondragon Unibertsitatea</subfield>
      <subfield code="e">author</subfield>
   </datafield>
   <datafield ind2=" " ind1=" " tag="260">
      <subfield code="c">2012-06-05</subfield>
   </datafield>
   <datafield ind2=" " ind1=" " tag="520">
      <subfield code="a">Eneko Bidegainek, berau MUko irakaslea, doktore tesia aurkeztu zuen ekainaren 5ean Paueko Unibertsitateren Baionako campusean: “Lehen Gerla Mundiala Eskualduna astekarian”. Tesiak baieztatu egin zuen ikertzailearen hipotesia, alegia, gerra hartan Eskualduna astekariak parte hartu zuela euskaldunak frantsezteko prozesuan. Tesiak oso ongi aipamena jaso zuen, epaimahaiaren goresmenekin.</subfield>
   </datafield>
   <datafield ind2=" " ind1=" " tag="520">
      <subfield code="a">El profesor de MU Eneko Bidegain, defendió el 5 de junio su tesis doctoral en el campus de Bayona de la Universidad de Pau: “La Primera Guerra Mundial en el semanario Eskualduna”. La tesis confirmó la hipótesis del investigador, es decir, que el citado semanario participó activamente durante aquella guerra en el proceso de afrancesamiento de los vascos. La tesis mereció el equivalente al sobresaliente cum laude.</subfield>
   </datafield>
   <datafield ind1="8" ind2=" " tag="024">
      <subfield code="a">http://www.flickr.com/photos/joxe/7157248527/</subfield>
   </datafield>
   <datafield ind1="8" ind2=" " tag="024">
      <subfield code="a">http://farm8.staticflickr.com/7243/7157248527_e24c0ea536.jpg</subfield>
   </datafield>
   <datafield ind1="8" ind2=" " tag="024">
      <subfield code="a">https://hdl.handle.net/20.500.11984/3338</subfield>
   </datafield>
   <datafield tag="653" ind2=" " ind1=" ">
      <subfield code="a">Humanitate eta Hezkuntza Zientzien Fakultatea</subfield>
   </datafield>
   <datafield ind2="0" ind1="0" tag="245">
      <subfield code="a">Eneko Bidegain, bikain cum laude Paueko Unibertsitatean</subfield>
   </datafield>
   <datafield ind2="0" ind1="0" tag="245">
      <subfield code="a">Eneko Bidegain, sobresaliente cum laude</subfield>
   </datafield>
</record></metadata></record></GetRecord></OAI-PMH>